[Event "Festival INPS"]
[Site "Roma ITA"]
[Date "1996.??.??"]
[Round "1"]
[White "Ianniello, Riccardo"]
[Black "Casula, Stefano"]
[Result "1-0"]
[WhiteElo "2330"]
[BlackElo "1909"]
[PlyCount "121"]
[EventDate "1996.??.??"]

1. e4 d5 2. e5 c5 3. f4 Nc6 4. Nf3 g6 5. c3 Nh6 6. Bb5 Bg7 7. d4 Qb6 8. Bxc6+
bxc6 9. Qb3 Qa6 10. dxc5 O-O 11. Qd1 Bf5 12. Na3 f6 13. Nc2 fxe5 14. Nb4 Qa5
15. Qe2 Qxc5 16. Nxe5 d4 17. Na6 Qb6 18. cxd4 Bxe5 19. Qc4+ Kg7 20. fxe5 Be4
21. Nc5 Bd5 22. Bxh6+ Kxh6 23. Qc3 Rf5 24. O-O-O Kg7 25. Rhf1 Rxf1 26. Rxf1 Qb5
27. Rf2 Rf8 28. Rxf8 Kxf8 29. b3 Qf1+ 30. Kb2 Qxg2+ 31. Qc2 Qg4 32. Qf2+ Kg7
33. Ka3 Qg5 34. e6 Qf6 35. Qe3 h6 36. Kb4 Bh1 37. Ka5 Kh7 38. Ka6 Qf8 39. Qe5
Qc8+ 40. Ka5 Qd8+ 41. Ka4 Qb6 42. b4 Qb5+ 43. Ka3 a5 44. Qe1 axb4+ 45. Qxb4 Qe2
46. Qb2 Qe3+ 47. Kb4 Bd5 48. a4 Qe1+ 49. Qc3 Qb1+ 50. Ka5 Qb8 51. Qg3 Qa7+ 52.
Kb4 Qb6+ 53. Ka3 Qa5 54. Nd7 Be4 55. Nf6+ exf6 56. e7 Qd2 57. e8=Q Qc1+ 58. Kb4
Qb2+ 59. Kc5 Qc2+ 60. Kd6 h5 61. Qf7+ 1-0

[Event "Festival INPS"]
[Site "Roma ITA"]
[Date "1996.??.??"]
[Round "1"]
[White "Lantini, Marco"]
[Black "Rossetti, Mauro"]
[Result "1-0"]
[WhiteElo "2220"]
[BlackElo "1909"]
[PlyCount "61"]
[EventDate "1996.??.??"]

1. e4 c6 2. Nc3 d5 3. Nf3 Bg4 4. h3 Bxf3 5. Qxf3 e6 6. d3 Qb6 7. a3 Nd7 8. g3
Ngf6 9. Bg2 Bd6 10. O-O O-O 11. Kh2 Kh8 12. Qe2 Ng8 13. f4 f5 14. b3 Be7 15.
Bb2 Bf6 16. g4 fxe4 17. dxe4 Rae8 18. g5 Bxc3 19. Bxc3 Ne7 20. Qg4 d4 21. Bd2
c5 22. Rae1 Qc7 23. Qxe6 Nf5 24. Qc4 Ne3 25. Bxe3 dxe3 26. e5 Nxe5 27. fxe5
Qxe5+ 28. Kh1 Qg3 29. Qxc5 Rf2 30. Rxf2 Qxf2 31. Rf1 1-0

[Event "Festival INPS"]
[Site "Roma ITA"]
[Date "1996.??.??"]
[Round "1"]
[White "Laudati, Adriano"]
[Black "Quinto, Gianni"]
[Result "0-1"]
[WhiteElo "1870"]
[BlackElo "2220"]
[PlyCount "86"]
[EventDate "1996.??.??"]

1. e4 e6 2. d4 d5 3. Nc3 Bb4 4. a3 Bxc3+ 5. bxc3 dxe4 6. f3 c5 7. fxe4 Qh4+ 8.
Kd2 cxd4 9. cxd4 Nf6 10. Nf3 Qxe4 11. Bd3 Qd5 12. Re1 Nc6 13. Ke2 Nxd4+ 14. Kf2
Nxf3 15. gxf3 Bd7 16. Qe2 Qh5 17. Bf4 O-O 18. Rg1 Qh4+ 19. Bg3 Qd4+ 20. Kg2 Nd5
21. Qd2 Qe3 22. Qd1 Bc6 23. Re1 Qg5 24. Qc1 Qxc1 25. Raxc1 Rac8 26. Rb1 Rfd8
27. Kf2 h6 28. Rb2 Rd7 29. Kg2 Ba4 30. Kf2 Rc3 31. Reb1 b5 32. Be5 Rxa3 33.
Bxb5 Bxb5 34. Rxb5 f6 35. Rb8+ Kf7 36. R8b7 Rxb7 37. Rxb7+ Kg6 38. Bb8 a5 39.
Rb2 Kf5 40. c4 Nb4 41. Kg3 e5 42. Re2 Rc3 43. Bc7 Nc6 0-1

[Event "Festival INPS"]
[Site "Roma ITA"]
[Date "1996.??.??"]
[Round "1"]
[White "Marta, Daniele"]
[Black "Wyss, Walter"]
[Result "0-1"]
[WhiteElo "1732"]
[BlackElo "2215"]
[PlyCount "100"]
[EventDate "1996.??.??"]

1. d4 c5 2. Nf3 cxd4 3. Nxd4 e6 4. c4 Nf6 5. Nc3 Bb4 6. Qc2 Nc6 7. Nxc6 bxc6 8.
a3 Bxc3+ 9. Qxc3 d5 10. Bg5 d4 11. Qd3 O-O 12. g3 h6 13. Bf4 e5 14. Bd2 e4 15.
Qb3 Bg4 16. h3 Rb8 17. Qa4 Be6 18. Rb1 Re8 19. Bf4 Rc8 20. Bg2 d3 21. Rd1 Qd4
22. exd3 exd3 23. O-O Qxc4 24. Qxa7 Nd5 25. Be5 Bf5 26. Qd4 Qxd4 27. Bxd4 Red8
28. Bc5 Rb8 29. Rd2 Nb6 30. Rc1 Nd5 31. Re1 Rb5 32. Rc1 Rb3 33. Bd4 Nf4 34.
gxf4 Rxd4 35. Rxc6 Rxf4 36. Kh2 Kf8 37. Kg3 Rd4 38. Rc7 g5 39. Bf3 Bg6 40. Rb7
Rxb7 41. Bxb7 f5 42. f3 f4+ 43. Kg4 Ke7 44. h4 Kf6 45. hxg5+ hxg5 46. Be4 Bxe4
47. fxe4 Ke5 48. Kf3 g4+ 49. Kxg4 Kxe4 50. b4 Ke3 0-1

[Event "Festival INPS"]
[Site "Roma ITA"]
[Date "1996.??.??"]
[Round "1"]
[White "Marzano, Carlo"]
[Black "Capretti, Giovanni"]
[Result "1-0"]
[WhiteElo "2160"]
[BlackElo "1836"]
[PlyCount "89"]
[EventDate "1996.??.??"]

1. d4 Nf6 2. Nf3 e6 3. Bg5 c5 4. e4 h6 5. Bxf6 Qxf6 6. e5 Qd8 7. d5 d6 8. Bb5+
Bd7 9. Bxd7+ Qxd7 10. O-O Be7 11. Nc3 O-O 12. dxe6 Qxe6 13. Nb5 Qd7 14. exd6
Qxb5 15. dxe7 Re8 16. Re1 Qd7 17. Qxd7 Nxd7 18. Rad1 Nb6 19. b3 g6 20. a4 Rac8
21. a5 Na8 22. Rd7 Nc7 23. Nd2 Kg7 24. Ne4 Nb5 25. Rxb7 f5 26. Rxb5 Rxe7 27. f3
fxe4 28. Rxe4 Rd7 29. Kf2 Kf6 30. h4 c4 31. Rxc4 Rxc4 32. bxc4 Rd2+ 33. Kg3
Rxc2 34. Rb7 Rxc4 35. Rxa7 Ra4 36. Ra6+ Kf5 37. Ra8 g5 38. h5 Ke5 39. Ra6 Kf5
40. Rxh6 Rxa5 41. Rh8 Kf6 42. Rb8 Ra4 43. Rb6+ Kf7 44. Rg6 Ra5 45. Kg4 1-0

[Event "Festival INPS"]
[Site "Roma ITA"]
[Date "1996.??.??"]
[Round "1"]
[White "Messina, Enrico"]
[Black "Galeno, Giorgio"]
[Result "1/2-1/2"]
[WhiteElo "2057"]
[BlackElo "1680"]
[PlyCount "67"]
[EventDate "1996.??.??"]

1. e4 d6 2. d4 Nf6 3. Nc3 g6 4. Be2 Bg7 5. h4 c5 6. dxc5 Qa5 7. Kf1 Qxc5 8. Be3
Qa5 9. h5 Nxh5 10. Bxh5 Bxc3 11. bxc3 gxh5 12. Rxh5 Qxc3 13. Ne2 Qc4 14. f3 Nc6
15. Kf2 b6 16. Nf4 Ba6 17. Nd5 Rb8 18. Nc7+ Kd7 19. Nxa6 Qxa6 20. e5 Qc4 21.
exd6 exd6 22. Qd2 Rbe8 23. Rd1 Re6 24. Rd5 Qh4+ 25. Kg1 Kc8 26. Qc3 Rg8 27.
Qxc6+ Kb8 28. Qc3 Qg3 29. R5d2 Qxf3 30. Rf1 Qxe3+ 31. Qxe3 Rxe3 32. Rxf7 Ra3
33. Rxd6 Rxa2 34. Rc6 1/2-1/2

[Event "Festival INPS"]
[Site "Roma ITA"]
[Date "1996.??.??"]
[Round "1"]
[White "Pagano, Sergio M."]
[Black "Della Ragione, Achille"]
[Result "1-0"]
[WhiteElo "2240"]
[BlackElo "1863"]
[PlyCount "83"]
[EventDate "1996.??.??"]

1. Nf3 d5 2. d4 Bf5 3. c4 e6 4. Nc3 Nc6 5. cxd5 exd5 6. Bg5 Be7 7. Bxe7 Ngxe7
8. e3 O-O 9. Be2 Rc8 10. O-O a6 11. Rc1 h6 12. Na4 g5 13. Nc5 Rb8 14. Qd2 Ng6
15. Nxb7 Rxb7 16. Rxc6 g4 17. Ne5 Nxe5 18. dxe5 Qe8 19. Qc3 Rxb2 20. Rf6 Rc2
21. Qd4 Be6 22. Qf4 Rc6 23. Qxh6 Bf5 24. Rxc6 Bg6 25. Rxg6+ fxg6 26. Bd3 Qxe5
27. Qxg6+ Qg7 28. Qe6+ Qf7 29. Qxg4+ Qg7 30. Qe6+ Qf7 31. Qxf7+ Rxf7 32. Rc1
Kg7 33. Kf1 Kf6 34. Rc6+ Kg7 35. Bxa6 Kf8 36. Bb5 Re7 37. a4 Rh7 38. h3 Rg7 39.
a5 Rg5 40. a6 Ke7 41. a7 Rg8 42. Ra6 1-0

[Event "Festival INPS"]
[Site "Roma ITA"]
[Date "1996.??.??"]
[Round "1"]
[White "Picardi, Angelo"]
[Black "Vannelli, Vittorio"]
[Result "1-0"]
[WhiteElo "2120"]
[BlackElo "1633"]
[PlyCount "21"]
[EventDate "1996.??.??"]

1. e4 e5 2. Nf3 Nc6 3. d4 exd4 4. Bc4 Bc5 5. c3 Qe7 6. O-O d6 7. cxd4 Bb6 8.
Nc3 Bg4 9. Nd5 Bxf3 10. Qxf3 Nxd4 11. Qd3 1-0

[Event "Festival INPS"]
[Site "Roma ITA"]
[Date "1996.??.??"]
[Round "1"]
[White "Proietti, Giorgio"]
[Black "Chiusano, Raimondo"]
[Result "0-1"]
[WhiteElo "1717"]
[BlackElo "2034"]
[PlyCount "60"]
[EventDate "1996.??.??"]

1. d4 Nf6 2. c4 g6 3. Nc3 Bg7 4. e4 d6 5. Be2 O-O 6. Nf3 e5 7. O-O Nc6 8. Be3
Ng4 9. Bg5 f6 10. Bc1 Nh6 11. d5 Ne7 12. b4 Nf7 13. c5 f5 14. Ng5 Nxg5 15. Bxg5
h6 16. Bd2 fxe4 17. Nxe4 dxc5 18. Bc4 Kh7 19. Be3 cxb4 20. Bc5 a5 21. d6 cxd6
22. Bxd6 Rf4 23. f3 Nc6 24. Rc1 Nd4 25. Kh1 Be6 26. Bxe6 Nxe6 27. Qd5 Qd7 28.
Nc5 Nxc5 29. Qxc5 Rd4 30. Be7 Re8 0-1

[Event "Festival INPS"]
[Site "Roma ITA"]
[Date "1996.??.??"]
[Round "1"]
[White "Sciannamea, Valerio"]
[Black "Scavo, Fernando"]
[Result "0-1"]
[WhiteElo "1719"]
[BlackElo "2150"]
[PlyCount "24"]
[EventDate "1996.??.??"]

1. e4 e6 2. d4 d5 3. Nc3 Bb4 4. exd5 exd5 5. Bd3 Nf6 6. Bg5 O-O 7. Qd2 Re8+ 8.
Nge2 c6 9. O-O h6 10. Bh4 Ne4 11. Nxe4 Bxd2 12. Bxd8 dxe4 0-1

[Event "Festival INPS"]
[Site "Roma ITA"]
[Date "1996.??.??"]
[Round "1"]
[White "Siraco, Maurizio"]
[Black "Laketic, Gojko"]
[Result "0-1"]
[WhiteElo "1965"]
[BlackElo "2465"]
[PlyCount "108"]
[EventDate "1996.??.??"]

1. d4 e6 2. e4 d5 3. Nc3 dxe4 4. Nxe4 Bd7 5. Nf3 Bc6 6. Bd3 Nd7 7. Qe2 Ngf6 8.
O-O Bxe4 9. Bxe4 Nxe4 10. Qxe4 c6 11. Bg5 Qa5 12. Ne5 Qd5 13. Rfe1 Qxe4 14.
Rxe4 Nb6 15. Bh4 Nc8 16. Rae1 Nd6 17. R4e2 Nf5 18. Nf3 h6 19. c3 Bd6 20. g4
Nxh4 21. Nxh4 O-O 22. Nf3 Rfd8 23. g5 hxg5 24. Nxg5 c5 25. dxc5 Bxc5 26. Kg2
Rd7 27. Ne4 Be7 28. Rd2 Rxd2 29. Nxd2 Rd8 30. Nf3 g5 31. Re5 Kg7 32. Rb5 Rd7
33. h3 f5 34. Ra5 a6 35. Ra4 Kf6 36. Rd4 Rc7 37. Rd2 e5 38. Rd1 e4 39. Nd4 Rd7
40. Re1 Bc5 41. Nb3 Bb6 42. Re2 Ke5 43. Nd2 Kf4 44. Nf1 Rd3 45. Ng3 a5 46. Nf1
Bc5 47. Nd2 b5 48. Nb3 Bb6 49. Nc1 Rd1 50. Rc2 Ke5 51. Nb3 f4 52. Rc1 f3+ 53.
Kg3 Kf5 54. Nd4+ Bxd4 0-1

[Event "Festival INPS"]
[Site "Roma ITA"]
[Date "1996.??.??"]
[Round "1"]
[White "Tocco, Paolo"]
[Black "Pezzaldi, Roberto"]
[Result "0-1"]
[WhiteElo "2180"]
[BlackElo "2013"]
[PlyCount "106"]
[EventDate "1996.??.??"]

1. e4 e6 2. d4 d5 3. Nd2 c5 4. Ngf3 cxd4 5. exd5 Qxd5 6. Bc4 Qd6 7. O-O Nf6 8.
Nb3 Nc6 9. Nbxd4 Nxd4 10. Nxd4 a6 11. c3 Be7 12. Qf3 O-O 13. Re1 Qc7 14. Bb3
Bd6 15. Qh3 Bf4 16. Bc2 Bxc1 17. Raxc1 Qf4 18. g3 Qg5 19. Nf3 Qd5 20. Ne5 Qd2
21. Qh4 Qh6 22. Qd4 b5 23. Qb6 Nd5 24. Qd4 Bb7 25. h4 g6 26. Rcd1 Qg7 27. a4 f6
28. Ng4 e5 29. Qd2 h5 30. Bb3 hxg4 31. Bxd5+ Bxd5 32. Qxd5+ Qf7 33. axb5 axb5
34. Qxf7+ Rxf7 35. Re4 Ra4 36. Rxa4 bxa4 37. Ra1 Rb7 38. Ra2 Kf7 39. Kf1 f5 40.
Ke2 Ke6 41. Kd3 Kd5 42. Rxa4 Rxb2 43. Ra5+ Ke6 44. Ra6+ Kf7 45. Ke3 Rc2 46. Rc6
Ke7 47. c4 Kd7 48. Rxg6 Rxc4 49. h5 Rc3+ 50. Kd2 Rc8 51. Rf6 Rg8 52. h6 Ke7 53.
h7 Rd8+ 0-1

[Event "Festival INPS"]
[Site "Roma ITA"]
[Date "1996.??.??"]
[Round "1"]
[White "Togni, Giampiero"]
[Black "Scacco, Mauro"]
[Result "1-0"]
[WhiteElo "1710"]
[BlackElo "2055"]
[PlyCount "81"]
[EventDate "1996.??.??"]

1. d4 Nf6 2. c4 g6 3. Nc3 Bg7 4. e4 O-O 5. Nf3 d6 6. Be2 e5 7. O-O Nc6 8. d5
Ne7 9. Ne1 Ne8 10. Be3 f5 11. f3 f4 12. Bf2 g5 13. g4 fxg3 14. hxg3 Ng6 15. Ng2
Rf7 16. Be3 Bf8 17. Rf2 Rg7 18. Qd2 Be7 19. Kf1 Bh3 20. Ke1 h5 21. Kd1 h4 22.
gxh4 Nxh4 23. Nxh4 gxh4 24. Kc2 Bg5 25. f4 exf4 26. Bxf4 Qf6 27. Rh1 Bg2 28.
Rh2 h3 29. Bg4 Bh4 30. Bg3 Bxg3 31. Rxf6 Nxf6 32. Be6+ Kf8 33. Rxg2 hxg2 34.
Qxg2 Ke7 35. Ne2 Nh5 36. Nd4 Rf8 37. Nf5+ Kd8 38. Qh3 Nf4 39. Qh6 Nxe6 40. dxe6
Rxf5 41. Qxg7 1-0

[Event "Festival INPS"]
[Site "Roma ITA"]
[Date "1996.??.??"]
[Round "1"]
[White "Tosoni, Augusto"]
[Black "Contin, Daniel"]
[Result "0-1"]
[WhiteElo "2008"]
[BlackElo "2325"]
[PlyCount "102"]
[EventDate "1996.??.??"]

1. e4 e6 2. d4 d5 3. exd5 exd5 4. Bd3 c5 5. dxc5 Bxc5 6. Nf3 Nc6 7. h3 Qd6 8.
O-O Nge7 9. Nc3 a6 10. a3 O-O 11. Kh1 h6 12. b4 Bb6 13. Bb2 Bc7 14. Ne2 Nf5 15.
Re1 Bd7 16. Bxf5 Bxf5 17. Ng3 Bg6 18. Qd2 Rad8 19. Re2 Qf4 20. Rd1 Qc4 21. Qc3
f6 22. Red2 Ne5 23. Nxe5 Qxc3 24. Bxc3 fxe5 25. Rxd5 Rxd5 26. Rxd5 Rxf2 27.
Bxe5 Rxc2 28. Bxc7 Rxc7 29. Kg1 Rc3 30. Kf2 Rxa3 31. Rd6 Be8 32. Nf5 Ra2+ 33.
Kg3 Kh7 34. Ne7 Re2 35. Nf5 Bc6 36. Nh4 Re4 37. Ng6 Rxb4 38. Nf8+ Kg8 39. Ng6
Re4 40. h4 Kf7 41. h5 a5 42. Nh8+ Ke8 43. Ng6 a4 44. Nf4 Ke7 45. Rg6 Kf7 46.
Rd6 Ke7 47. Rg6 a3 48. Rxg7+ Kf6 49. Rg8 a2 50. Ra8 Ra4 51. Nd5+ Ke5 0-1

[Event "Festival INPS"]
[Site "Roma ITA"]
[Date "1996.??.??"]
[Round "1"]
[White "Turturici, Pellegrino"]
[Black "Ciampi, Vincenzo"]
[Result "1/2-1/2"]
[WhiteElo "1716"]
[BlackElo "2155"]
[PlyCount "29"]
[EventDate "1996.??.??"]

1. e4 c5 2. Nf3 d6 3. d4 cxd4 4. Nxd4 Nf6 5. Nc3 a6 6. Be2 e6 7. a4 Be7 8. O-O
O-O 9. Be3 Nc6 10. Kh1 Qc7 11. f4 Bd7 12. Nb3 b6 13. Qd2 Rab8 14. Bxa6 d5 15.
e5 1/2-1/2

[Event "Festival INPS"]
[Site "Roma ITA"]
[Date "1996.??.??"]
[Round "1"]
[White "Vignato, Giovanni"]
[Black "Colombrini, Adolfo"]
[Result "1/2-1/2"]
[WhiteElo "2080"]
[BlackElo "1704"]
[PlyCount "93"]
[EventDate "1996.??.??"]

1. c4 e5 2. g3 d6 3. Bg2 f5 4. Nc3 Nf6 5. d3 c6 6. e4 Be7 7. Nge2 O-O 8. O-O
Be6 9. b3 Nbd7 10. Bb2 Qc7 11. Qd2 Rad8 12. Rac1 fxe4 13. dxe4 Bf7 14. h3 Bg6
15. g4 Nc5 16. Ng3 Ne6 17. Nce2 Nc5 18. Qe3 Ne6 19. Nf5 Kf7 20. Kh2 h6 21. Kh1
c5 22. f4 Bxf5 23. exf5 Nd4 24. fxe5 dxe5 25. Rfe1 Rfe8 26. Nc3 a6 27. Nd5 Nxd5
28. Bxd5+ Rxd5 29. cxd5 Bg5 30. Qe4 Bxc1 31. Rxc1 Qd6 32. b4 b6 33. bxc5 bxc5
34. Ba3 Rc8 35. Re1 Rd8 36. Qxe5 Qxd5+ 37. Qxd5+ Rxd5 38. Rd1 Kf6 39. Bb2 Kg5
40. Kg2 Re5 41. Bxd4 cxd4 42. a4 Re2+ 43. Kf1 Rh2 44. Rxd4 Rxh3 45. Rd7 Kxg4
46. Rxg7+ Kxf5 47. Ra7 1/2-1/2

[Event "Festival INPS"]
[Site "Roma ITA"]
[Date "1996.??.??"]
[Round "2"]
[White "Bono, Leonardo"]
[Black "Messina, Enrico"]
[Result "0-1"]
[WhiteElo "1753"]
[BlackElo "2057"]
[PlyCount "52"]
[EventDate "1996.??.??"]

1. Nf3 g6 2. c4 Bg7 3. Nc3 d6 4. e4 Nf6 5. d4 O-O 6. Rb1 e5 7. d5 a5 8. Bg5 h6
9. Bh4 Qe8 10. Be2 Nh7 11. Nd2 Bd7 12. b3 h5 13. f3 Bh6 14. Bf2 Na6 15. a3 Qe7
16. O-O Qg5 17. Rb2 Bh3 18. g3 Bxf1 19. Nxf1 Qc1 20. Rb1 Qxc3 21. c5 Nxc5 22.
Kh1 a4 23. b4 Nb3 24. Kg2 c6 25. Be1 Qd4 26. Qc2 Qb6 0-1

[Event "Festival INPS"]
[Site "Roma ITA"]
[Date "1996.??.??"]
[Round "2"]
[White "Capretti, Giovanni"]
[Black "Tosoni, Augusto"]
[Result "1-0"]
[WhiteElo "1836"]
[BlackElo "2008"]
[PlyCount "75"]
[EventDate "1996.??.??"]

1. e4 c5 2. Nf3 d6 3. d4 cxd4 4. Nxd4 Nf6 5. f3 Nc6 6. c4 g6 7. Nc3 Bg7 8. Be3
O-O 9. Be2 Qb6 10. Qd2 Nxe4 11. Nxc6 Nxd2 12. Nxe7+ Kh8 13. Bxb6 Re8 14. Kxd2
axb6 15. Ned5 Ra5 16. Rhe1 Bf5 17. Bd3 Be6 18. Nc7 Re7 19. N7d5 Rd7 20. Nxb6
Rd8 21. a4 h5 22. b4 Ra6 23. a5 d5 24. cxd5 Rxb6 25. axb6 Bxd5 26. Nxd5 Bxa1
27. Rxa1 Rxd5 28. Ra7 Rd7 29. Ke3 f5 30. Ra8+ Kg7 31. Rc8 Kf6 32. Rc7 Rd6 33.
Rxb7 Ke5 34. Re7+ Kf6 35. b7 Rb6 36. Rc7 Ke5 37. b5 g5 38. Bc4 1-0

[Event "Festival INPS"]
[Site "Roma ITA"]
[Date "1996.??.??"]
[Round "2"]
[White "Casula, Stefano"]
[Black "Buffoni, Luca"]
[Result "1-0"]
[WhiteElo "1909"]
[BlackElo "1708"]
[PlyCount "75"]
[EventDate "1996.??.??"]

1. d4 d5 2. Nf3 Nf6 3. Bf4 e6 4. Nbd2 c5 5. e3 Nc6 6. c3 Bd6 7. Bg3 O-O 8. Bd3
Re8 9. Ne5 cxd4 10. exd4 Qc7 11. f4 Rb8 12. O-O b5 13. Rc1 Qb6 14. Kh1 b4 15.
Re1 Bd7 16. Bh4 Qd8 17. Bxf6 gxf6 18. Bxh7+ Kf8 19. Nd3 bxc3 20. bxc3 Qc7 21.
Qf3 Na5 22. Nb1 Nc4 23. Re2 Rb6 24. Nd2 Nxd2 25. Rxd2 Bb5 26. g3 Bc4 27. Nf2
Reb8 28. Bd3 Bxd3 29. Qxd3 Ba3 30. Rcc2 Rb1+ 31. Kg2 Ke7 32. Ng4 Bd6 33. f5 Kd7
34. fxe6+ fxe6 35. Qh7+ Be7 36. Ne3 Re1 37. Re2 Rxe2+ 38. Rxe2 1-0

[Event "Festival INPS"]
[Site "Roma ITA"]
[Date "1996.??.??"]
[Round "2"]
[White "Cetkovic, Sergio"]
[Black "Corvi, Marco"]
[Result "1/2-1/2"]
[WhiteElo "1815"]
[BlackElo "2215"]
[PlyCount "86"]
[EventDate "1996.??.??"]

1. e4 Nf6 2. e5 Nd5 3. Nc3 Nxc3 4. bxc3 d5 5. d4 c5 6. c4 Nc6 7. dxc5 d4 8. f4
e6 9. Nf3 Bxc5 10. Bd3 Qa5+ 11. Bd2 Qc7 12. O-O b6 13. Ng5 Bb7 14. Ne4 Be7 15.
Rb1 O-O-O 16. a4 f5 17. Nd6+ Bxd6 18. exd6 Qxd6 19. a5 Nxa5 20. Bxa5 bxa5 21.
Rb5 Qc6 22. Rf2 g5 23. fxg5 a6 24. Rxa5 h6 25. Be2 Qc7 26. Qd2 hxg5 27. Bf3
Qxh2+ 28. Kf1 Qh1+ 29. Ke2 d3+ 30. cxd3 Bxf3+ 31. gxf3 Rh2 32. Qe3 Rxf2+ 33.
Qxf2 Kb7 34. Qc5 Qg2+ 35. Ke1 Qg3+ 36. Ke2 Qh2+ 37. Ke1 Qh4+ 38. Ke2 Qh2+ 39.
Ke1 Rxd3 40. Qb4+ Ka7 41. Qc5+ Kb7 42. Qb4+ Ka7 43. Qc5+ Kb7 1/2-1/2

[Event "Festival INPS"]
[Site "Roma ITA"]
[Date "1996.??.??"]
[Round "2"]
[White "Ciampi, Vincenzo"]
[Black "Attanasi, Salvatore"]
[Result "1-0"]
[WhiteElo "2155"]
[BlackElo "1741"]
[PlyCount "45"]
[EventDate "1996.??.??"]

1. e4 e6 2. d4 d5 3. e5 c5 4. c3 Nc6 5. Be3 cxd4 6. cxd4 Bd7 7. Nf3 Nge7 8. Nc3
Nf5 9. Bd3 Nxe3 10. fxe3 Be7 11. O-O f5 12. exf6 Bxf6 13. Ng5 g6 14. Nxh7 Rxh7
15. Bxg6+ Rf7 16. Qh5 Qe7 17. Qh7 Nd8 18. Rf3 Kf8 19. Bxf7 Nxf7 20. Raf1 Bg7
21. Qg6 Be8 22. Rg3 Qf6 23. Rxf6 1-0

[Event "Festival INPS"]
[Site "Roma ITA"]
[Date "1996.??.??"]
[Round "2"]
[White "Colombo, Paolo"]
[Black "Ianniello, Riccardo"]
[Result "1-0"]
[WhiteElo "2170"]
[BlackElo "2330"]
[PlyCount "107"]
[EventDate "1996.??.??"]

1. d4 e6 2. Nf3 d5 3. e3 c5 4. Bd3 Nc6 5. O-O Nf6 6. b3 a6 7. Bb2 Qc7 8. c4
dxc4 9. bxc4 cxd4 10. exd4 Be7 11. Nbd2 O-O 12. Rc1 b6 13. Bb1 Bb7 14. d5 Nd8
15. Qc2 Re8 16. Bxf6 Bxf6 17. Qxh7+ Kf8 18. Ne4 Qf4 19. Rfe1 g6 20. Nxf6 Qxf6
21. Ne5 Ke7 22. Nxg6+ Kd6 23. Rcd1 e5 24. g3 fxg6 25. f4 Rc8 26. Bxg6 Rc7 27.
Qh5 Ree7 28. Rb1 b5 29. fxe5+ Rxe5 30. Rxe5 Qxe5 31. Qxe5+ Kxe5 32. cxb5 axb5
33. Rxb5 Bxd5 34. a4 Ne6 35. Kf2 Nd4 36. Rb1 Rc6 37. Re1+ Kd6 38. h4 Ra6 39. h5
Rxa4 40. h6 Nf3 41. h7 Nxe1 42. h8=Q Nf3 43. Qf8+ Kc7 44. Qc5+ Bc6 45. Be8 Nd4
46. g4 Ra2+ 47. Kg3 Re2 48. Qa7+ Bb7 49. Qxd4 Rxe8 50. g5 Re6 51. Qg7+ Kc8 52.
Kf4 Bc6 53. g6 Bd5 54. Qd4 1-0

[Event "Festival INPS"]
[Site "Roma ITA"]
[Date "1996.??.??"]
[Round "2"]
[White "Colombrini, Adolfo"]
[Black "Ciotoli, Patrizio"]
[Result "0-1"]
[WhiteElo "1704"]
[BlackElo "2010"]
[PlyCount "44"]
[EventDate "1996.??.??"]

1. e4 d5 2. exd5 Qxd5 3. Nc3 Qa5 4. Nf3 Nf6 5. Be2 Bg4 6. O-O e6 7. Nd4 Bxe2 8.
Qxe2 c6 9. Re1 Be7 10. d3 O-O 11. Bd2 Nbd7 12. Nxe6 fxe6 13. Qxe6+ Rf7 14. Qb3
Qb4 15. Qe6 Qd6 16. Qb3 Nc5 17. Qc4 b5 18. Nxb5 cxb5 19. Qxb5 Ng4 20. g3 Qf6
21. Rf1 Qf3 22. Rae1 Nxf2 0-1

[Event "Festival INPS"]
[Site "Roma ITA"]
[Date "1996.??.??"]
[Round "2"]
[White "Contin, Daniel"]
[Black "Togni, Giampiero"]
[Result "1-0"]
[WhiteElo "2325"]
[BlackElo "1710"]
[PlyCount "89"]
[EventDate "1996.??.??"]

1. d4 Nf6 2. c4 c5 3. Nf3 e6 4. Nc3 cxd4 5. Nxd4 Bb4 6. g3 Ne4 7. Qd3 Qa5 8.
Bd2 Nxd2 9. Qxd2 a6 10. Bg2 Nc6 11. Nb3 Qc7 12. O-O O-O 13. Rac1 b6 14. a3 Be7
15. Rfd1 Rd8 16. Nd5 exd5 17. cxd5 Bf6 18. e4 Bb7 19. f4 Qd6 20. dxc6 Qxd2 21.
Rxd2 dxc6 22. Rxd8+ Rxd8 23. e5 Be7 24. Bxc6 Bxc6 25. Rxc6 Rd1+ 26. Kg2 Rb1 27.
Rc2 g6 28. Nd2 Ra1 29. Ne4 Re1 30. Kf3 h5 31. Rc6 Rb1 32. Rxb6 Bxa3 33. Rxa6
Bb4 34. Ra2 Rh1 35. Ra4 Be7 36. Ra7 Kf8 37. h4 Rh2 38. Rb7 Rh1 39. b4 Rb1 40.
b5 Rb3+ 41. Ke2 Ke8 42. b6 Rb2+ 43. Kd3 Rb3+ 44. Kc4 Rb4+ 45. Kd5 1-0

[Event "Festival INPS"]
[Site "Roma ITA"]
[Date "1996.??.??"]
[Round "2"]
[White "De Vita, Igor"]
[Black "Laudati, Adriano"]
[Result "1-0"]
[WhiteElo "2150"]
[BlackElo "1870"]
[PlyCount "61"]
[EventDate "1996.??.??"]

1. e4 e6 2. d4 d5 3. exd5 exd5 4. c4 c6 5. Nc3 Nf6 6. Nf3 Bf5 7. Qb3 Qe7+ 8.
Be2 Qb4 9. c5 Qxb3 10. axb3 Nbd7 11. b4 Be7 12. b5 O-O 13. Bf4 Nh5 14. Be3 Nhf6
15. O-O cxb5 16. Bxb5 a6 17. Ba4 Rfc8 18. Rfc1 Nb8 19. Bg5 Be6 20. Ne5 Nc6 21.
Bxc6 bxc6 22. Na4 h6 23. Bxf6 gxf6 24. Nd3 Ra7 25. Nb6 Rcc7 26. Ra4 Bf5 27. Nb4
a5 28. Rca1 Rab7 29. Rxa5 Kg7 30. R1a3 Be4 31. Na6 1-0

[Event "Festival INPS"]
[Site "Roma ITA"]
[Date "1996.??.??"]
[Round "2"]
[White "Della Ragione, Achille"]
[Black "Proietti, Giorgio"]
[Result "1/2-1/2"]
[WhiteElo "1863"]
[BlackElo "1717"]
[PlyCount "92"]
[EventDate "1996.??.??"]

1. c4 e6 2. Nf3 Nf6 3. e3 d5 4. b3 c5 5. Bb2 Be7 6. Be2 Nc6 7. d4 cxd4 8. exd4
O-O 9. O-O Bd7 10. Nbd2 Rc8 11. Ne5 Qb6 12. c5 Qc7 13. f4 Nxe5 14. fxe5 Ne4 15.
Nxe4 dxe4 16. Bc4 Bc6 17. Qe2 Bd5 18. Rac1 f6 19. exf6 Rxf6 20. Rxf6 Bxf6 21.
Bxd5 exd5 22. b4 a6 23. a4 Rf8 24. b5 axb5 25. axb5 Bg5 26. Rf1 Rxf1+ 27. Qxf1
Qf4 28. Qxf4 Bxf4 29. g3 Bc7 30. Bc1 Kf7 31. Kg2 Ke6 32. g4 b6 33. c6 Bd6 34.
Bg5 Bc7 35. h4 Kf7 36. Be3 Ke6 37. Kh3 Kf7 38. g5 g6 39. Kg4 Ke6 40. h5 Ke7 41.
Bd2 Bd6 42. Bc1 Kd8 43. h6 Kc7 44. Bd2 Kc8 45. Bf4 Bxf4 46. Kxf4 Kc7 1/2-1/2

[Event "Festival INPS"]
[Site "Roma ITA"]
[Date "1996.??.??"]
[Round "2"]
[White "Galeno, Giorgio"]
[Black "Vignato, Giovanni"]
[Result "0-1"]
[WhiteElo "1680"]
[BlackElo "2080"]
[PlyCount "82"]
[EventDate "1996.??.??"]

1. d4 d5 2. c4 c6 3. cxd5 cxd5 4. Nc3 Nf6 5. Nf3 e6 6. Bf4 Bd6 7. Bxd6 Qxd6 8.
e3 O-O 9. Bd3 b6 10. O-O Ba6 11. Rc1 Bxd3 12. Qxd3 Nbd7 13. Rc2 Rac8 14. Rfc1
Qb8 15. Qa6 e5 16. Nb5 Rxc2 17. Rxc2 exd4 18. exd4 Qf4 19. Nxa7 g6 20. Rc8 Kg7
21. Qf1 Rxc8 22. Nxc8 Qc7 23. Ne7 Nf8 24. Qe1 Ne6 25. Nxd5 Nxd5 26. Qe5+ Qxe5
27. dxe5 Nb4 28. a3 Nd3 29. b4 Nf8 30. Nd2 Nxe5 31. a4 Nc6 32. b5 Na5 33. Kf1
Ne6 34. Ne4 f5 35. Nc3 Nc5 36. Ke2 Kf7 37. Ke3 Ke6 38. h4 Nc4+ 39. Kd4 Nb2 40.
Ne2 Nbxa4 41. Nf4+ Kd6 0-1

[Event "Festival INPS"]
[Site "Roma ITA"]
[Date "1996.??.??"]
[Round "2"]
[White "Marino, Giovanni"]
[Black "Farina, Saverio"]
[Result "1-0"]
[WhiteElo "1869"]
[BlackElo "2170"]
[PlyCount "65"]
[EventDate "1996.??.??"]

1. d4 d5 2. Nf3 c5 3. dxc5 e6 4. c4 Bxc5 5. cxd5 exd5 6. e3 Nf6 7. Be2 O-O 8.
O-O a6 9. Nbd2 Nc6 10. Nb3 Bd6 11. Nbd4 Ne4 12. Nxc6 bxc6 13. Qc2 Qf6 14. Bd2
Qh6 15. g3 Bh3 16. Rfc1 Bd7 17. Be1 Rfe8 18. b4 Re6 19. a4 Rf6 20. b5 cxb5 21.
axb5 Rc8 22. Qxc8+ Bxc8 23. Rxc8+ Bf8 24. bxa6 Rc6 25. Rxf8+ Kxf8 26. a7 Rc8
27. a8=Q Rxa8 28. Rxa8+ Ke7 29. Ra7+ Kd8 30. Ne5 Qe6 31. Ba5+ Kc8 32. Rc7+ Kd8
33. Rc6+ 1-0